000 00891nam a22002777a 4500
003 CHAP
005 20220329140755.0
008 971013s1984 r 00010 d
010 _a57379
011 _a58351
035 _a62506
040 _cCHAP
082 _a972.1
_bS6
110 _aSonora. Gobierno del Estado
_9108593
245 _aTemas sonorenses
_b: a través de los simposios de historia
260 _aHermosillo :
_bEl gobierno,
_c1984
300 _a261 p.
490 _aPublicaciones del Gobierno de Estado de Sonora
_v; 1979-1985
590 _aBATCH-UPD
_b10
_c20130110
_lUCH01
_h0606
590 _aCONVERSION
_b10
_c20130109
_lUCH01
_h1331
650 1 4 _aSonora
_xHistoria.
_9108587
830 0 _aPublicaciones del Gobierno de Estado de Sonora
_v; 1979-1985
_992693
901 _aBK
942 _cLIBRO
949 _a972.1 S6
_bBC
_cLIBRO
_d33724000141792
_eLIBRO
_h66029
_i62506
_si
999 _c57379
_d57379